000
00316nam a2200133Ia 4500
008
191201s1995 xx 000 0 und d
100
_a
SAUNDERS, Jan
245
0
_a
Wardrobe Quick Fixes
250
_a
1st
260
_a
N.Delhi
_b
Chilton Book Company
_c
1995
300
_a
162
650
_a
B.Tech(TE)
942
_2
ddc
_c
BK
999
_c
2613
_d
2613